| Tag |
First Indicator |
Second Indicator |
Subfields |
| LEADER |
00000nam a2200000 i 4500 |
| 001 |
in00004685321 |
| 006 |
m o d |
| 007 |
cr cnu|||unuuu |
| 008 |
160323s2016 enk ob 001 0 eng d |
| 005 |
20260214213353.9 |
| 020 |
|
|
|a 9781119210436
|q (electronic bk.)
|
| 020 |
|
|
|a 1119210437
|q (electronic bk.)
|
| 020 |
|
|
|a 1119210429
|
| 020 |
|
|
|a 9781119210429
|
| 020 |
|
|
|a 9781119210450
|q (e-book)
|
| 020 |
|
|
|a 1119210453
|q (e-book)
|
| 020 |
|
|
|z 9781119210429
|q (hardcover)
|
| 035 |
|
|
|a wil6007436
|
| 035 |
|
|
|a (NhCcYBP)wil6007436
|
| 037 |
|
|
|a 9781119210450
|b Wiley
|
| 040 |
|
|
|a NhCcYBP
|b eng
|e rda
|c NhCcYBP
|
| 050 |
|
4 |
|a QK898.G45
|b A55 2016
|
| 072 |
|
7 |
|a SCI
|x 011000
|2 bisacsh
|
| 082 |
0 |
4 |
|a 571.7/42
|2 23
|
| 245 |
0 |
0 |
|a Annual plant reviews.
|n Volume 49,
|p The gibberellins /
|c edited by Peter Hedden, Stephen G. Thomas.
|
| 246 |
3 |
0 |
|a Gibberellins
|
| 264 |
|
1 |
|a Chichester, West Sussex, UK :
|b Wiley Blackwell,
|c 2016.
|
| 300 |
|
|
|a 1 online resource
|
| 336 |
|
|
|a text
|b txt
|2 rdacontent
|
| 337 |
|
|
|a computer
|b c
|2 rdamedia
|
| 338 |
|
|
|a online resource
|b cr
|2 rdacarrier
|
| 490 |
1 |
|
|a Annual Plant Reviews ;
|v Volume 49
|
| 504 |
|
|
|a Includes bibliographical references and index.
|
| 588 |
0 |
|
|a Online resource; title from PDF title page (John Wiley, viewed March 23, 2016).
|
| 505 |
0 |
|
|a Preface Chapter 1: SIGNAL ACHIEVEMENTS IN GIBBERELLIN RESEARCH -- THE SECOND HALF-CENTURY Valerie M. Sponsel Chapter 2: GIBBERELLIN BIOSYNTHESIS IN HIGHER PLANTS Peter Hedden Chapter 3: INACTIVATION PROCESSES Hiroshi Magome and Yuji Kamiya Chapter 4: GIBBERELLIN TRANSPORT Jonathan Dayan Chapter 5: GIBBERELLINS IN FUNGI, BACTERIA AND LOWER PLANTS: BIOSYNTHESIS, FUNCTION AND EVOLUTION Bettina Tudzynski, Lena Studt and María Cecilia Rojas Chapter 6: GIBBERELLIN HORMONE SIGNAL PERCEPTION: DOWN-REGULATING DELLA REPRESSORS OF PLANT GROWTH AND DEVELOPMENT Sven K. Nelson and Camille M. Steber Chapter 7: DELLA PROTEINS: MASTER REGULATORS OF GIBBERELLIN-RESPONSIVE GROWTH AND DEVELOPMENT Stephen G Thomas, Miguel A Blázquez and David Alabadí Chapter 8: INTERACTIONS BETWEEN GIBBERELLINS AND OTHER HORMONES John J. Ross, Asemeh Miraghazadeh, Amelia H. Beckett, Laura J. Quittenden and Erin L. McAdam Chapter 9: GIBBERELLINS AND SEED GERMINATION Terezie Urbanova and Gerhard Leubner-Metzger Chapter 10: GIBBERELLINS AND PLANT VEGETATIVE GROWTH Cristina Martínez, Ana Espinosa-Ruiz and Salomé Prat Chapter 11: GIBBERELLIN AND PLANT REPRODUCTION Andrew R.G. Plackett and Zoe A. Wilson Chapter 12: CHEMICAL REGULATORS OF GIBBERELLIN STATUS AND THEIR APPLICATION IN PLANT PRODUCTION Wilhelm Rademacher Chapter 13: GENETIC CONTROL OF GIBBERELLIN METABOLISM AND SIGNALLING IN CROP IMPROVEMENT Andrew L. Phillips Appendix: The structure of the gibberellins Index.
|
| 650 |
|
0 |
|a Gibberellins.
|
| 700 |
1 |
|
|a Hedden, Peter,
|e editor.
|
| 700 |
1 |
|
|a Thomas, Stephen G.
|q (Stephen Gregory),
|d 1969-
|e editor.
|
| 776 |
0 |
8 |
|i Print version:
|t Annual plant reviews. Volume 49, The gibberellins.
|d Chichester, England :
|b Wiley Blackwell, ©2016
|h approximately 524 pages
|k Annual plant reviews ; Volume 49
|z 9781119210436
|
| 830 |
|
0 |
|a Annual plant reviews ;
|v Volume 49.
|
| 856 |
4 |
0 |
|u http://proxy.library.tamu.edu/login?url=https://onlinelibrary.wiley.com/book/10.1002/9781119210436
|z Connect to the full text of this electronic book
|t 0
|
| 955 |
|
|
|a Wiley EBA record
|
| 975 |
|
|
|p Wiley UBCM Full Collection 2026
|
| 999 |
f |
f |
|s 70016d86-1b32-4d27-8f50-1ef631a0af61
|i af2cdafc-1e5d-4629-87f1-dbc01b4b0e8f
|t 0
|
| 952 |
f |
f |
|a Texas A&M University
|b College Station
|c Electronic Resources
|s evans_pda
|d Available Online
|t 0
|e QK898.G45 A55 2016
|h Library of Congress classification
|
| 998 |
f |
f |
|a QK898.G45 A55 2016
|t 0
|l Available Online
|